| 000 | 00907nas a22002297a 4500 | ||
|---|---|---|---|
| 003 | NALT | ||
| 005 | 20201229085532.0 | ||
| 008 | 201229b th ||||| |||| 00| 0 tha d | ||
| 022 | _a26510707 | ||
| 040 | _aNALT | ||
| 245 | 0 | 0 | _aวารสารบรรณศาสตร์ มศว |
| 246 | 3 | 1 | _aJournal of Library and Information Science Srinakharinwirot University |
| 260 | _aคณะมนุษยศาสตร์ มหาวิทยาลัยศรีนครินทรวิโรฒ | ||
| 310 | _aรายหกเดือน | ||
| 500 | _aวารสารอิเล็กทรอนิกส์ | ||
| 650 | _2บรรณารักษศาสตร์ | ||
| 650 | _2ห้องสมุด | ||
| 850 | _aNALT | ||
| 856 | _uhttp://ejournals.swu.ac.th/index.php/jlis/index | ||
| 942 |
_cJNR _2lcc |
||
| 998 |
_ajintana _j755 _k จินตนา เอี่ยมคง |
||
| 999 |
_c97884 _d97884 |
||